Normal view
MARC view
- Hood, Teresa M
Entry Personal Name
001 - CONTROL NUMBER
- control field: 6094
003 - CONTROL NUMBER IDENTIFIER
- control field: OSt
005 - DATE AND TIME OF LATEST TRANSACTION
- control field: 20240222161138.0
008 - FIXED-LENGTH DATA ELEMENTS
- fixed length control field: 240222|| aca||aabn | a|a d
040 ## - CATALOGING SOURCE
- Original cataloging agency: OSt
- Transcribing agency: OSt
100 ## - HEADING--PERSONAL NAME
- Personal name: Hood, Teresa M
670 ## - SOURCE DATA FOUND
- Source citation: Work cat.: (OSt)4823: Hood, Teresa M ., Soil and plant analysis in sustainable agriculture and environment / , 1997.
